Gure ikastola / (Record no. 76942)

MARC details
000 -LEADER
campo de control de longitud fija 00496nam a2200169 i 4500
001 - NÚMERO DE CONTROL
campo de control 76942
003 - IDENTIFICADOR DE NÚMERO DE CONTROL
campo de control ES-MaACL
005 - FECHA Y HORA DE LA ÚLTIMA TRANSACCIÓN
campo de control 20230906173028.0
007 - CAMPO FIJO DE DESCRIPCIÓN FÍSICA--INFORMACIÓN GENERAL
campo de control de longitud fija t|
008 - DATOS DE LONGITUD FIJA--INFORMACIÓN GENERAL
campo de control de longitud fija 041006s1972 sp |||| | baq d
245 00 - MENCIÓN DEL TÍTULO
Título Gure ikastola /
Mención de responsabilidad, etc. J.A. Aduriz... [et al.].
260 ## - PUBLICACIÓN, DISTRIBUCIÓN, ETC.
Lugar de publicación, distribución, etc. [Oñate (Guipúzcoa)] :
Nombre del editor, distribuidor, etc. Editorial Franciscana Aranzazu,
Fecha de publicación, distribución, etc. [1972]
300 ## - DESCRIPCIÓN FÍSICA
Extensión 288 p. ;
Dimensiones 19 cm.
650 #4 - PUNTO DE ACCESO ADICIONAL DE MATERIA--TÉRMINO DE MATERIA
Término de materia o nombre geográfico como elemento de entrada Centros docentes-
Subdivisión geográfica País Vasco.
9 (RLIN) 165072
700 1# - ENTRADA AGREGADA--NOMBRE PERSONAL
Nombre de persona Aduriz, José A.
9 (RLIN) 18496
852 ## - LOCALIZACIÓN
Ubicación ES-MaACL
Número de control de estantería E-5018
Holdings
Estatus retirado Estado de pérdida Estado de daño No para préstamo Biblioteca de origen Biblioteca actual Ubicación en estantería Fecha de adquisición Fuente de adquisición Total de préstamos Signatura topográfica completa Código de barras Visto por última vez Precio de reemplazo Tipo de ítem Koha
        Biblioteca del Ateneo de Madrid Biblioteca del Ateneo de Madrid Depósito 2 17/01/2008     E-5018 1080510 23/02/2023 23/02/2023 Libro impreso